Song Lyrics Rammstein - Pussy - Statistics

General Stats
  • This quiz has been taken 91 times
    90 since last reset
  • The average score is 188 of 256
Answer Stats
Answer % Correct
a
98%
pussy
98%
you
95%
do
93%
I
93%
have
90%
dick,
88%
So
88%
so
88%
all
85%
it
85%
Let's
85%
quick
85%
quick,
85%
in
83%
me
83%
the
83%
Too
83%
too
83%
after
80%
Be
80%
problem?
80%
big,
78%
does
78%
matter,
78%
Size
78%
size
78%
small
78%
what's
78%
Autobahn
76%
got
73%
groß,
73%
klein
73%
Mercedes-Benz
73%
take
73%
Take
73%
Zu
73%
zu
73%
bit
68%
das
68%
Germany
68%
now
68%
now,
68%
sein
68%
short,
68%
You've
68%
can't
66%
etwas
66%
Just
66%
little
66%
und
66%
bitch
63%
Der
63%
Er
63%
größer
63%
it's
63%
könnte
63%
late
63%
Reise,
63%
see?
63%
before
61%
don't
61%
get
61%
my
61%
dein
59%
Doesn't
59%
Ich
59%
laid
59%
Life's
59%
Sauerkraut
59%
fahren
56%
fits
56%
wait
56%
du
54%
sollte
54%
Alleine
51%
Ausland
51%
Bratwurst
51%
dem
51%
nicht
51%
oben
51%
one
51%
tall
51%
mich
49%
mit
49%
will
49%
auf
46%
Blitzkrieg
46%
nur
46%
Schlagbaum
46%
Spaß,
44%
Fahrvergnügen
41%
verlieben
41%
Lust
39%
mehr?
39%
Schönes
39%
Kopf,
37%
Fleischgewehr
34%
Fräulein,
34%
Braut
29%
im
29%
Steck
29%
Schnaps
27%
holde
22%
No matching quizzes found
Score Distribution
Percent of People with Each Score
Percentile by Number Answered
Your Score History
You have not taken this quiz since the last reset